header

Economies of salvation (Record no. 98760)

MARC details
000 -LEADER
fixed length control field 01371nam a2200361 a 4500
082 04 - DEWEY DECIMAL CLASSIFICATION NUMBER
Classification number 261.8/5
100 1# - MAIN ENTRY--AUTHOR NAME
Personal name Yang, Yong-Sun.
245 10 - TITLE STATEMENT
Title Economies of salvation
260 ## - PUBLICATION, DISTRIBUTION, ETC. (IMPRINT)
Place of publication Oxford ;
-- New York :
Name of publisher Peter Lang,
Year of publication c2012.
300 ## - PHYSICAL DESCRIPTION
Number of Pages ix, 213 p.
650 #0 - SUBJECT ADDED ENTRY--TOPICAL TERM
Topical Term Economics
Topical Term Salvation
Topical Term Self-interest.
856 40 - ELECTRONIC LOCATION AND ACCESS
Uniform Resource Identifier http://site.ebrary.com/lib/rucke/Doc?id=10600549

No items available.

© 2026 Rongo University
Contact us: librarian | system librarian | Rongo university